Immobilization of lead from aqueous solutions using fertilizers

Podrobná bibliografia
Hlavní autori: Wegner, M. (Author), Bajda, T. (Author), Manecki, M. (Author)
Médium: Článok
Jazyk:English
Témy:
Zdroj: 1. Mineralia slovaca 1. 0369-2086 1. Roč. 38, č. 4 (2006)
2. [Príl.] Geovestník 2. 0369-2086 2. Č. 4 (2006), s. 14-15
LEADER 01053nab#a2200337#ar4500
001 000084021
003 SVKKK
005 20070504123731.0
008 050331c2006 xo e eng
FMT
015 |a SNBRB2007/04-ccccc 
038 |a SVKKK 
040 |a SVKKK  |b slo  |e AACR2 
041 0 |a eng 
044 |a xo  |c SK 
080 |a 631.618  |2 1997 
080 |a 631.851  |2 1997 
100 1 |a Wegner, M.  |4 aut 
242 1 0 |a Imobilizácia olova z vodných roztokov pomocou priemyselných hnojív 
245 1 0 |a Immobilization of lead from aqueous solutions using fertilizers  |c M. Wegner, M. Manecki, T. Bajda 
650 0 4 |a hnojivá priemyselné  |x regenerácia kontaminovanej pôdy  |x imobilizácia olova 
650 0 4 |a pôdy kontaminované  |x imobilizácia olova  |x fosfáty 
700 1 |a Bajda, T.  |4 aut 
700 1 |a Manecki, M.  |4 aut 
773 0 |t Mineralia slovaca  |x 0369-2086  |g Roč. 38, č. 4 (2006) 
773 0 |t [Príl.] Geovestník  |x 0369-2086  |g Č. 4 (2006), s. 14-15 
992 |a RBX 
BAS
852 |a SVKKK  |b BIB 
EXP
998 |a GEO